ბათუმის შოთა რუსთაველის სახელმწიფო უნივერსიტეტის ბიბლიოთეკა

Little and Falace's dental management : (ბიბ.ჩანაწერი № 63296)

000 -LEADER
fixed length control field 01011nam a22002297a 4500
005 - DATE AND TIME OF LATEST TRANSACTION
control field 20250729151930.0
008 - FIXED-LENGTH DATA ELEMENTS--GENERAL INFORMATION
fixed length control field 250729s2024 en ||||| |||| 00| 0|eng d
020 ## - INTERNATIONAL STANDARD BOOK NUMBER
International Standard Book Number 9780323809450 X
041 ## - LANGUAGE CODE
Language code of text/sound track or separate title eng
080 ## - UNIVERSAL DECIMAL CLASSIFICATION NUMBER
Universal Decimal Classification number 616.31 L-81
245 ## - TITLE STATEMENT
Title Little and Falace's dental management :
Remainder of title of the medically compromised patient /
Statement of responsibility, etc. A. Ross Kerr ; Craig S. Miller ; Nelson L. Rhodus ; Eric T. Stoople ; Nathaniel S. Treister.
250 ## - EDITION STATEMENT
Edition statement enth edition
264 ## - PRODUCTION, PUBLICATION, DISTRIBUTION, MANUFACTURE, AND COPYRIGHT NOTICE
Place of production, publication, distribution, manufacture St. Louis, Missouri :
Name of producer, publisher, distributor, manufacturer Elsevier,
Date of production, publication, distribution, manufacture, or copyright notice 2024.
300 ## - PHYSICAL DESCRIPTION
Extent xii, 596 pages :
Other physical details illustrations (chiefly color) ;
Dimensions 28 cm.
653 ## - INDEX TERM--UNCONTROLLED
keyword Oral Manifestations, Dental Care for Chronically Ill, Chronically ill--Dental care ,Sick--Dental care
653 ## - INDEX TERM--UNCONTROLLED
keyword Chronically ill--Dental care Sick--Dental care Oral manifestations of general diseases
653 ## - INDEX TERM--UNCONTROLLED
keyword სტომატოლოგია
653 ## - INDEX TERM--UNCONTROLLED
keyword მედიცინა
700 ## - ADDED ENTRY--PERSONAL NAME
Personal name Kerr, A. Ross
9 (RLIN) 25700
700 ## - ADDED ENTRY--PERSONAL NAME
Personal name Miller, Craig S.
Relator term და სხვა
9 (RLIN) 25701
942 ## - ADDED ENTRY ELEMENTS (KOHA)
Source of classification or shelving scheme
Koha item type წიგნი
ეგზემპლარები
Withdrawn status Lost status Source of classification or shelving scheme Damaged status Not for loan Permanent Location Current Location Shelving location Date acquired Cost, normal purchase price Full call number Barcode Date last seen Copy number Price effective from Koha item type Public note
          ბათუმის შოთა რუსთაველის სახელმწიფო უნივერსიტეტის მთავარი ბიბლიოთეკა ბათუმის შოთა რუსთაველის სახელმწიფო უნივერსიტეტის მთავარი ბიბლიოთეკა წიგნსაცავი 2025-07-29 315.00 616.31 L-81 72194 2025-07-29 72194 2025-07-29 წიგნი 315.00
          ბათუმის შოთა რუსთაველის სახელმწიფო უნივერსიტეტის მთავარი ბიბლიოთეკა ბათუმის შოთა რუსთაველის სახელმწიფო უნივერსიტეტის მთავარი ბიბლიოთეკა წიგნსაცავი 2025-07-29 315.00 616.31 L-81 72195 2025-07-29 72195 2025-07-29 წიგნი 315.00